=LDR 00000nam 2200000 4500 =001 INLIS000000000007124 =005 20200421084638 =035 ##$$a 0010-061300000007124 =008 200421################g##########0#ind## =041 ##$$a Ind =082 ##$$a 2x2.1 =090 ##$$a 2x2.01, Rah i =100 ##$$a Rahman, Fatchur =245 1#$$a Ikhtishar Mushthalahu'l Hadits /$c Drs. Fatchur Rahman =260 ##$$a 1991 :$b Al-Ma' rif,$c Bandung =300 ##$$a xvi, 343 hlm ; $c 20 x 13 cm. =650 #4$$a Hadits =084 ##$$a 2x2.1 RAH i =990 ##$$a 51.492/HD-94 =990 ##$$a 51.492/Hd-94